Planning the core curriculum in the secondary school. (Record no. 21692)

MARC details
000 -LEADER
fixed length control field 01376cam a22003251 4500
001 - CONTROL NUMBER
control field e 40000147
003 - CONTROL NUMBER IDENTIFIER
control field DLC
005 - DATE AND TIME OF LATEST TRANSACTION
control field 20260227111228.0
008 - FIXED-LENGTH DATA ELEMENTS--GENERAL INFORMATION
fixed length control field 861020s1939 alu s000 0 eng
010 ## - LIBRARY OF CONGRESS CONTROL NUMBER
LC control number e 40000147
035 ## - SYSTEM CONTROL NUMBER
System control number (OCoLC)14443063
040 ## - CATALOGING SOURCE
Original cataloging agency DLC
Transcribing agency ATrT
Modifying agency DLC
042 ## - AUTHENTICATION CODE
Authentication code premarc
050 00 - LIBRARY OF CONGRESS CALL NUMBER
Classification number L116
Item number .B2 1940, no. 2
110 1# - MAIN ENTRY--CORPORATE NAME
Corporate name or jurisdiction name as entry element Alabama.
Subordinate unit Department of Education.
245 10 - TITLE STATEMENT
Title Planning the core curriculum in the secondary school.
Remainder of title Alabama curriculum development program.
Statement of responsibility, etc. Authorized by the State board of education, 1939.
260 ## - PUBLICATION, DISTRIBUTION, ETC.
Place of publication, distribution, etc. [Montgomery,
Date of publication, distribution, etc. 1939]
300 ## - PHYSICAL DESCRIPTION
Extent vii, 71 p.
Dimensions 24 cm.
490 1# - SERIES STATEMENT
Series statement Curriculum bulletin,
Volume/sequential designation no. 7
490 1# - SERIES STATEMENT
Series statement Department bulletin,
Volume/sequential designation 1940, no. 2
500 ## - GENERAL NOTE
General note At head of title: State of Alabama. Department of education. Division of instruction. Montgomery.
500 ## - GENERAL NOTE
General note "Prepared, for the most part, by the Alabama committee working in the Curriculum laboratory of Peabody college during the summer of 1939."--p. v.
504 ## - BIBLIOGRAPHY, ETC. NOTE
Bibliography, etc. note Bibliography: p. 63-71.
650 #0 - SUBJECT ADDED ENTRY--TOPICAL TERM
Topical term or geographic name entry element Education
General subdivision Curricula
Geographic subdivision Alabama.
650 #0 - SUBJECT ADDED ENTRY--TOPICAL TERM
Topical term or geographic name entry element Education, Secondary.
710 1# - ADDED ENTRY--CORPORATE NAME
Corporate name or jurisdiction name as entry element Alabama.
Subordinate unit State Board of Education.
740 0# - ADDED ENTRY--UNCONTROLLED RELATED/ANALYTICAL TITLE
Uncontrolled related/analytical title Alabama curriculum development program.
830 #0 - SERIES ADDED ENTRY--UNIFORM TITLE
Uniform title Curriculum bulletin (Alabama. Department of Education) ;
Volume/sequential designation no. 7.
830 #0 - SERIES ADDED ENTRY--UNIFORM TITLE
Uniform title Bulletin (Alabama. Department of Education) ;
Volume/sequential designation 1940, no. 2.

No items available.

Powered by Koha